Bước đầu tìm hiểu thơ ca dân gian của người Tày - Nùng xứ Lạng /
Spremljeno u:
| Glavni autor: | |
|---|---|
| Format: | Članak |
| Jezik: | Vietnamese |
| Teme: | |
| Oznake: |
Dodaj oznaku
Bez oznaka, Budi prvi tko označuje ovaj zapis!
|
| Thư viện lưu trữ: | Thư viện Trường Đại học Đà Lạt |
|---|
| LEADER | 00781nam a2200265 4500 | ||
|---|---|---|---|
| 001 | DLU090073807 | ||
| 005 | ##20090521 | ||
| 040 | # | # | |a DLU |b vie |
| 041 | # | # | |a vie |
| 044 | # | # | |a vn |
| 100 | # | # | |a Thái Vân, |c PTS. |
| 245 | # | # | |a Bước đầu tìm hiểu thơ ca dân gian của người Tày - Nùng xứ Lạng / |c Thái Vân. |
| 653 | # | # | |a Dân tộc Nùng |
| 653 | # | # | |a Dân tộc Tày |
| 653 | # | # | |a Văn hoá dân tộc |
| 773 | # | # | |t Tạp chí văn học |g Số 11, 1996, tr.36-41 |
| 920 | # | # | |a Phòng Tạp chí -- Trung tâm Thông tin - Thư viện Trường Đại học Đà Lạt |
| 994 | # | # | |a DLU |
| 900 | # | # | |a True |
| 911 | # | # | |a Nguyễn Thị Linh Chi |
| 925 | # | # | |a G |
| 926 | # | # | |a A |
| 927 | # | # | |a BB |
| 980 | # | # | |a Thư viện Trường Đại học Đà Lạt |